[Event "Hessenliga 1921"]
[Site "Hessen"]
[Date "2020.03.01"]
[Round "7.7"]
[White "Ugolyk, Vitaliy"]
[Black "Mbarek, Najd"]
[Result "0-1"]
[WhiteElo "2228"]
[BlackElo "2035"]
[PlyCount "68"]
[EventDate "2019.09.22"]
[EventType "team-tourn"]
[EventRounds "9"]
[EventCountry "GER"]
[SourceTitle "EXT 2024"]
[Source "ChessBase"]
[SourceDate "2023.10.10"]
[SourceVersion "1"]
[SourceVersionDate "2023.10.10"]
[SourceQuality "1"]
[WhiteTeam "Fulda"]
[BlackTeam "Dettingen"]
[WhiteTeamCountry "GER"]
[BlackTeamCountry "GER"]

1. d4 Nf6 2. c4 e6 3. Nc3 Bb4 4. Bg5 h6 5. Bh4 c5 6. d5 Bxc3+ 7. bxc3 e5 8. Qc2 d6 9. e4 Nbd7 10. Bd3 g5 11. Bg3 Nh5 12. h4 g4 13. Ne2 Nf8 14. 0-0-0 Qa5 15. Kb1 Bd7 16. Qd2 Ng6 17. Ka1 a6 18. Rb1 b5 19. Rb3 Qa4 20. Rhb1 Kf8 21. Bc2 Qa5 22. Qe3 Kg7 23. f4 Nxg3 24. Qxg3 exf4 25. Nxf4 Ne5 26. Rf1 h5 27. Qe3 Qd8 28. cxb5 axb5 29. c4 b4 30. Nd3 Nxc4 31. Qf2 Qe7 32. e5 Nxe5 33. Nxe5 Qxe5+ 34. Kb1 Rhf8 0-1

[Event "Hessenliga 1921"]
[Site "Hessen"]
[Date "2019.10.27"]
[Round "2.4"]
[White "Flach, Erich"]
[Black "Mbarek, Najd"]
[Result "0-1"]
[WhiteElo "2066"]
[BlackElo "2035"]
[PlyCount "76"]
[EventDate "2019.09.22"]
[EventType "team-tourn"]
[EventRounds "9"]
[EventCountry "GER"]
[SourceTitle "EXT 2024"]
[Source "ChessBase"]
[SourceDate "2023.10.10"]
[SourceVersion "1"]
[SourceVersionDate "2023.10.10"]
[SourceQuality "1"]
[WhiteTeam "Griesheim II"]
[BlackTeam "Dettingen"]
[WhiteTeamCountry "GER"]
[BlackTeamCountry "GER"]

1. c4 e5 2. g3 Bc5 3. Nc3 Nc6 4. Nf3 d6 5. Bg2 a6 6. 0-0 Be6 7. d3 Qd7 8. e3 Ba7 9. b4 Nxb4 10. Rb1 c5 11. Ng5 Bf5 12. Nge4 Rb8 13. d4 Nc6 14. dxe5 Bxe4 15. Bxe4 Nxe5 16. f4 Nxc4 17. Qd3 b5 18. Bf5 Qd8 19. a4 b4 20. Qxc4 bxc3 21. Qxa6 Rxb1 22. Bxb1 Bb6 23. Qb5+ Ke7 24. Qd3 Ba5 25. Qe4+ Kf8 26. Rd1 Nf6 27. Qc4 Qb6 28. e4 Qxb1 29. e5 c2 30. Rf1 Ne8 31. exd6 Nxd6 32. Qa6 Qb6 33. Qa8+ Ne8 34. Be3 Bc3 35. Bf2 Bd4 36. Bxd4 cxd4 37. Re1 Qe6 38. Qa5 c1Q 0-1

[Event "Hessenliga 1921"]
[Site "Hessen"]
[Date "2019.09.22"]
[Round "1.6"]
[White "Mbarek, Najd"]
[Black "Goll, Christof"]
[Result "1/2-1/2"]
[WhiteElo "2035"]
[BlackElo "2076"]
[PlyCount "82"]
[EventDate "2019.09.22"]
[EventType "team-tourn"]
[EventRounds "9"]
[EventCountry "GER"]
[SourceTitle "EXT 2024"]
[Source "ChessBase"]
[SourceDate "2023.10.10"]
[SourceVersion "1"]
[SourceVersionDate "2023.10.10"]
[SourceQuality "1"]
[WhiteTeam "Dettingen"]
[BlackTeam "Nied"]
[WhiteTeamCountry "GER"]
[BlackTeamCountry "GER"]

1. e4 e6 2. d4 d5 3. e5 b6 4. c3 Qd7 5. Nf3 Ba6 6. Bxa6 Nxa6 7. Qd3 Qc8 8. a4 Qb7 9. b4 Rc8 10. b5 Nb8 11. 0-0 c5 12. Na3 Be7 13. Nc2 h5 14. Bg5 Nh6 15. Ne3 Bxg5 16. Nxg5 Ke7 17. Ra2 Qc7 18. Rfa1 cxd4 19. cxd4 Qc3 20. Qd1 Nd7 21. a5 Qb4 22. axb6 axb6 23. Rb1 Qc3 24. Rc2 Qa5 25. Rxc8 Rxc8 26. Qxh5 Qc3 27. Qd1 Nf5 28. Nxf5+ exf5 29. h3 g6 30. Nf3 Rc4 31. Kh2 Nf8 32. Ra1 Rc7 33. Ra6 Nd7 34. Qa4 Rc4 35. Qa2 Qb4 36. Ra7 Qxb5 37. Qd2 Ra4 38. Qg5+ Ke8 39. Rc7 Rc4 40. Ra7 Ra4 41. Rc7 Rc4 1/2-1/2